000 00679nam a2200229 a 4500
999 _c4603
_d4603
001 4603
003 BD-JhCC
005 20171128194449.0
008 870917s1985 bg a 001 0 ben
035 _a(BD-JhCC)
040 _aBD-JhCC
_dBD-JhCC
041 _aeng
082 0 0 _a913.03
_bHAQ 1985
100 1 _aহক, এনামুল
245 1 0 _aপুরাতত্ত্ব পরিভাষা /
_cডঃ এনামুল হক
260 _aঢাকা:
_bবাংলা একাডেমী;
_c১৯৮৫
300 _a15 p.;
_c22 cm
500 _aIncludes index.
650 0 _aTerminology of Arechaelogy
700 1 _aStrange, Jerry D.
942 _2ddc
_cBK